000
00308 a2200157 4500
001
187440
020
_a
85-87579-06-1
040
_c
Magnum
100
_a
Sousa, Cruz e
240
1
0
_a
Broquéis
_l
por
245
1
0
_a
Broquéis
300
_a
71
362
0
_a
2002
697
_a
LITERATURA GERAL
942
_c
BK
999
_c
187440
_d
187440